1149 1149 1710 1019 1249 1454 1295 1734 1693 1986 1593 1702 1336 1793 1526 1210 1011 1765 1270 1262 1727 1169 1834 1372 1141 1454 1024 1513 1714 1151 1786 1916 1721 1519 1466 1511 1497 1215 1584 1857 1946 1459 1468 1331 1277 1422 1846 1861 1019 1558 1160 1679 1751 1988 1481 1059 1156 1396 1490 1807 1211 1831 1567 1623 1070 1071 1250 1889 1643 1335 1721 1550 1912 1502 1675 1168 1537 1943 1691 1690 1747 1993 1510 1999 1757 1277 1728 1355 1774 1041 1165 1334 1209 1807 1842 1661 1256 1586 1535 BCNSPRNW ULIB Ver.6.0+V

เปลี่ยนเป็นภาษาไทย

Change to English
 แสดงรายละเอียดบรรณานุกรม
  กลับหน้าหลัก

Brief Record : Get Marc (ISO 2709) : E-mail record : QR code < ปิดหน้าต่าง
LEADER : 00000nam 2200000uu 4500
001    13399123052
003     ULIB
008    020711s2536 th a 000 0 tha d
099    นว.^bช241ร
100    ชลาลัย
245    ระบำดอกหญ้า เล่ม2 /^cชลาลัย
260    กรุงเทพฯ :^bคลังวิทยา,^c2536
300    384 หน้า
945    ^p0^l0^i001709
รายการนี้ยังไม่มีแท็ก
คุณยังไม่ได้ล็อกอิน คุณสามารถมีกิจกรรมร่วมกับเว็บไซต์ได้ แต่ต้องล็อกอินก่อน ::
  ล็อกอิน

รายการสื่อสารสนเทศ

ลำดับที่ ประเภท เลขเรียก/บาร์โค้ด สถานที่ สถานะ
1. นวนิยาย
นวนิยาย
นว. ช241ร ฉ.1 
  Barcode: 001709
ห้องสมุดวิทยาเขตสวรรค์ประชารักษ์
►นวนิยาย
บนชั้น
  ขอยืม

รายการใกล้เคียง
    ผู้แต่ง [ชลาลัย]

BibComment


ยังไม่เคยถูกคอมเมนท์

คอมเมนท์ทรัพยากรรายการนี้
  คอมเมนท์: ระบำดอกหญ้า เล่ม2..


 Copyright 2026. Bcnsprnw @Library